[Event "SportAccord Rapid Men 2012"]
[Site "Beijing CHN"]
[Date "2012.12.14"]
[Round "1.5"]
[White "Mamedyarov,S"]
[Black "Fressinet,L"]
[Result "0-1"]
[WhiteElo "2764"]
[BlackElo "2700"]

1.d4 d5 2.c4 c6 3.Nc3 Nf6 4.e3 e6 5.Nf3 Nbd7 6.Bd3 dxc4 7.Bxc4 b5 8.Bd3 a6
9.e4 c5 10.d5 Bb7 11.O-O Qc7 12.Bc2 O-O-O 13.dxe6 Ne5 14.Qe2 Nxf3+ 15.Qxf3 fxe6
16.Qh3 Kb8 17.Re1 Bd6 18.Be3 h5 19.f3 Be5 20.Rad1 Bc8 21.Qh4 Bd4 22.Qf2 e5
23.Ne2 Bxe3 24.Qxe3 Be6 25.h3 c4 26.Kh2 Rxd1 27.Rxd1 Rd8 28.Rxd8+ Qxd8 29.a4 Qc7
30.axb5 axb5 31.Nc3 Bd7 32.b4 Qd6 33.Qg5 Qe7 34.Kh1 Kc8 35.h4 Kd8 36.Kg1 Qxb4
37.Qxe5 Qb2 38.Qb8+ Ke7 39.e5 Qxc3 40.Qd6+ Kd8 41.Qb8+ Ke7 42.Qd6+ Kd8 43.Qb8+ Ke7
44.Qd6+ Kf7 45.exf6 Qe1+ 46.Kh2 Qxh4+ 47.Kg1 Qe1+ 48.Kh2 Qe6 49.Qc5 gxf6
50.f4 Qg4 51.Qd5+ Kg7 52.Qd6 Qe6 53.Qc5 Be8 54.Bf5 Qc6 55.Qe7+ Bf7 56.Be4 Qe6
57.Qb7 c3 58.Bc2 Qc4 59.Qf3 b4 60.Bd3 Qd4 61.g4 h4 62.g5 fxg5 63.fxg5 Qe5+
64.Kh3 Qg3+  0-1

[Event "III ITT JAHV McGREGOR"]
[Site "Bogota COL"]
[Date "2012.12.14"]
[Round "4.41"]
[White "Borbon,O"]
[Black "Arango,A"]
[Result "0-1"]
[WhiteElo "1968"]
[BlackElo "2113"]

1.d4 d5 2.c4 c6 3.Nc3 Nf6 4.e3 e6 5.Nf3 Nbd7 6.Qc2 Bd6 7.cxd5 exd5 8.Bd3 O-O
9.Rb1 Qe7 10.O-O Re8 11.a3 a5 12.h3 Ne4 13.Na4 f5 14.Nd2 g6 15.Nxe4 fxe4
16.Be2 Rb8 17.Bd2 Bc7 18.b4 Qd6 19.f4 exf3 20.Rxf3 Rf8 21.e4 Qh2+ 22.Kf2 Bg3+
23.Ke3 Bf4+ 24.Kf2 dxe4 25.Bc4+ Kh8 26.Bxf4 Rxf4 27.Rxf4 Qxf4+ 28.Ke2 Nf6
29.Nc5 axb4 30.axb4 Bf5 31.Rf1 Qg3 32.Kd1 Rd8 33.Qb2 Nd5 34.Bxd5 Rxd5 35.Nxb7 Qd3+
36.Ke1 Rxd4 37.Na5 Qe3+ 38.Qe2 Qc3+  0-1

[Event "Amplico ch-EUR Blitz"]
[Site "Warsaw POL"]
[Date "2012.12.14"]
[Round "1.1"]
[White "Sargissian,G"]
[Black "Tabola,Marcin"]
[Result "1-0"]
[WhiteElo "2666"]
[BlackElo "1967"]

1.d4 Nf6 2.Nf3 d5 3.c4 e6 4.Nc3 c6 5.e3 a6 6.b3 Be7 7.Bd3 O-O 8.O-O b5 9.Bb2 Nbd7
10.Qe2 bxc4 11.bxc4 dxc4 12.Bxc4 c5 13.d5 exd5 14.Nxd5 Nxd5 15.Bxd5 Rb8 16.Bc3 Nb6
17.Be4 Bf6 18.Rfd1 Qe7 19.Bxf6 Qxf6 20.Qc2 h6 21.Rac1 c4 22.Nd4 Be6 23.Qc3 Rfc8
24.Qa5 Nd7 25.Qa3 Nc5 26.Bc2 Bd5 27.f3 Qb6 28.Rb1 Qc7 29.Rb4 a5 30.Rb5 Rxb5
31.Nxb5 Qb7 32.Nd6  1-0

[Event "Amplico ch-EUR Blitz"]
[Site "Warsaw POL"]
[Date "2012.12.14"]
[Round "9.2"]
[White "Riazantsev,A"]
[Black "Bukavshin,I"]
[Result "0-1"]
[WhiteElo "2705"]
[BlackElo "2510"]

1.d4 d5 2.c4 e6 3.Nc3 c6 4.e3 Nf6 5.Nf3 Nbd7 6.Bd3 dxc4 7.Bxc4 b5 8.Bd3 a6
9.a4 Bb7 10.O-O b4 11.Ne4 c5 12.Nxf6+ Nxf6 13.dxc5 Nd7 14.c6 Bxc6 15.b3 Nc5
16.Bc4 Qxd1 17.Rxd1 Be7 18.Bb2 O-O 19.Nd4 Bb7 20.f3 Rfd8 21.Nc2 a5 22.e4 h6
23.Bd4 Rac8 24.Bxc5 Bxc5+ 25.Kf1 Kf8 26.Ke2 Ke7 27.Rac1 Rxd1 28.Rxd1 Rd8
29.Rc1 Bb6 30.Ne1 Rc8 31.Nd3 Bd4 32.Rd1 Bc3 33.Nf2 f5 34.Bd3 Kf6 35.Rc1 Be5
36.Rxc8 Bxc8 37.h3 Bd4 38.f4 Bb7 39.g3 g5 40.fxg5+ hxg5 41.exf5 exf5 42.Bc4 Bg2
43.h4 gxh4 44.gxh4 f4 45.Ng4+ Kf5 46.Nh2 Bc6 47.Nf3 Bc5 48.Bf7 Bb7 49.Bc4 Kg4
50.Ne5+ Kxh4 51.Nd3 f3+ 52.Kf1 Bd4 53.Nf4 Kg4 54.Nd3 Kg3 55.Bb5 Bd5 56.Nc1 f2  0-1

[Event "Amplico ch-EUR Blitz"]
[Site "Warsaw POL"]
[Date "2012.12.14"]
[Round "11.2"]
[White "Gajewski,G"]
[Black "Bukavshin,I"]
[Result "0-1"]
[WhiteElo "2644"]
[BlackElo "2510"]

1.d4 d5 2.Nf3 Nf6 3.c4 e6 4.Nc3 c6 5.e3 Nbd7 6.Be2 dxc4 7.a4 Bd6 8.Nd2 O-O
9.Nxc4 Bc7 10.b3 Re8 11.O-O e5 12.d5 cxd5 13.Nxd5 Nxd5 14.Qxd5 Nf6 15.Qxd8 Rxd8
16.Bb2 Be6 17.Rfd1 Ne4 18.Rxd8+ Rxd8 19.Rc1 f6 20.Ba3 Nd2 21.Nxd2 Rxd2 22.Bf3 Bd6
23.Bxd6 Rxd6 24.b4 b6 25.g4 Kf7 26.h3 Ke7 27.Be4 g6 28.Kg2 f5 29.gxf5 gxf5
30.Bb7 Rd7 31.Bc8 Rd6 32.Bxe6 Kxe6 33.Rc7 Rd7 34.Rxd7 Kxd7 35.Kg3 a5 36.bxa5 bxa5
37.Kh4 Kd6 38.Kg5 Kc5 39.Kxf5 Kb4 40.f4 exf4 41.Kxf4 Kxa4 42.e4 Kb5 43.e5 a4
44.e6 Kc6 45.Kf5  0-1

[Event "ch-IRI 2012"]
[Site "Zahedan IRI"]
[Date "2012.12.14"]
[Round "10.12"]
[White "Mousavi,Se"]
[Black "Khamisi,S"]
[Result "1-0"]
[WhiteElo "2246"]
[BlackElo "2167"]

1.d4 d5 2.c4 c6 3.Nf3 Nf6 4.Nc3 e6 5.e3 Nbd7 6.Bd3 dxc4 7.Bxc4 b5 8.Bd3 a6
9.O-O Bb7 10.e4 c5 11.d5 c4 12.Bc2 Qc7 13.dxe6 fxe6 14.Ng5 Nc5 15.Be3 h6
16.Nf3 Bd6 17.e5 Bxe5 18.Nxe5 Qxe5 19.Bg6+ Ke7 20.Re1 Rac8 21.Qe2 Ncd7 22.Rad1 Rc6
23.Qf3 Qc7 24.Bf4 Qb6 25.Qg3 Rf8 26.Be4 Nh5 27.Qh4+ g5 28.Qxh5 Rxf4 29.Rd2 Rd6
30.Qxh6 Qc5 31.Bxb7 Rxd2 32.Qxe6+ Kd8 33.Ne4 Qd4 34.Nxd2 Qxf2+ 35.Kh1 Qxd2
36.Qe8+ Kc7 37.Qc8+  1-0

[Event "TCh-NED Meesterklasse 2012-13"]
[Site "Netherland NED"]
[Date "2012.12.15"]
[Round "5.10"]
[White "Duijn,Ro"]
[Black "Nabuurs,M"]
[Result "0-1"]
[WhiteElo "2275"]
[BlackElo "2248"]

1.d4 d5 2.Nf3 e6 3.c4 c6 4.e3 Nf6 5.Nc3 Nbd7 6.Qc2 Bd6 7.Be2 dxc4 8.Bxc4 b5
9.Be2 Bb7 10.O-O a6 11.e4 e5 12.Rd1 Qc7 13.h3 h6 14.Be3 O-O 15.Rac1 Rfe8
16.a3 exd4 17.Nxd4 c5 18.Nf5 Bh2+ 19.Kh1 Nxe4 20.Rxd7 Qxd7 21.Nxh6+ gxh6
22.Kxh2 Ng5 23.h4 Qd6+ 24.Kg1 Nh3+ 25.Kh1 Qf6 26.Bf3 Bxf3 27.gxf3 Qxh4 28.Kg2 Nf4+
29.Bxf4 Qxf4 30.Ne4 c4 31.Rg1 Re6 32.Kf1+ Rg6 33.Qc3 Rxg1+ 34.Kxg1 Rd8 35.Kg2 Rd3
36.Qf6 Qxf6 37.Nxf6+ Kg7 38.Nh5+ Kf8  0-1

[Event "ch-CZE Blitz 2012"]
[Site "Prague CZE"]
[Date "2012.12.15"]
[Round "6.2"]
[White "Jirovsky,M"]
[Black "Rausis,I"]
[Result "1-0"]
[WhiteElo "2453"]
[BlackElo "2510"]

1.Nf3 d5 2.c4 c6 3.e3 Nf6 4.Nc3 e6 5.d4 Nbd7 6.Qc2 Bd6 7.Bd3 O-O 8.b3 b6
9.O-O Bb7 10.Bb2 Qe7 11.Rfd1 Rfe8 12.Rac1 Rad8 13.Qe2 h6 14.h3 a5 15.e4 dxe4
16.Nxe4 Nxe4 17.Bxe4 c5 18.Bxb7  1-0

[Event "Amplico ch-EUR Rapid"]
[Site "Warsaw POL"]
[Date "2012.12.15"]
[Round "3.49"]
[White "Kanarek,M"]
[Black "Musialkiewicz,P"]
[Result "1-0"]
[WhiteElo "2482"]
[BlackElo "2182"]

1.d4 d5 2.c4 c6 3.Nc3 Nf6 4.Nf3 e6 5.e3 Nbd7 6.Be2 Bd6 7.O-O O-O 8.b3 b6
9.Bb2 Bb7 10.Qc2 dxc4 11.bxc4 c5 12.d5 e5 13.e4 Qe7 14.a4 Nh5 15.g3 g6 16.a5 Ng7
17.Nb5 f5 18.Nd2 f4 19.Bc3 g5 20.Nxd6 Qxd6 21.Qb2 Rae8 22.axb6 a6 23.g4 h5
24.h3 hxg4 25.hxg4 Kf7 26.f3 Rh8 27.Kg2 Rh4 28.Rh1 Reh8 29.Rxh4 Rxh4 30.Rh1 Rxh1
31.Kxh1 Qh6+ 32.Kg2 Kf6 33.Bd1 Qh4 34.Nf1 Kg6 35.Ba4 Nf6 36.Bxe5 Nxe4 37.Qc2 Kh6  1-0

[Event "Amplico ch-EUR Rapid"]
[Site "Warsaw POL"]
[Date "2012.12.15"]
[Round "5.31"]
[White "Bukavshin,I"]
[Black "Ziaziulkina,N"]
[Result "1-0"]
[WhiteElo "2510"]
[BlackElo "2367"]

1.d4 d5 2.c4 c6 3.Nc3 Nf6 4.e3 e6 5.Nf3 Nbd7 6.Qc2 Bd6 7.Bd3 dxc4 8.Bxc4 b5
9.Bd3 Bb7 10.O-O O-O 11.a3 a5 12.Ng5 h6 13.Nge4 Nxe4 14.Nxe4 Be7 15.Rd1 Qb6
16.Nc3 Rfd8 17.b3 Rac8 18.Qe2 b4 19.axb4 Bxb4 20.Na4 Qa7 21.Bb2 Nb6 22.Nc5 Nd7
23.Nxb7  1-0

[Event "Amplico ch-EUR Rapid"]
[Site "Warsaw POL"]
[Date "2012.12.15"]
[Round "6.27"]
[White "Vedrickas,T"]
[Black "Banusz,T"]
[Result "1-0"]
[WhiteElo "2261"]
[BlackElo "2580"]

1.d4 d5 2.c4 c6 3.Nc3 Nf6 4.e3 e6 5.Nf3 a6 6.Qc2 c5 7.dxc5 Bxc5 8.a3 Nc6
9.b4 Bd6 10.Bb2 O-O 11.Rd1 a5 12.cxd5 exd5 13.b5 Ne7 14.Bd3 Bg4 15.Ne2 Rc8
16.Qa4 Bxf3 17.gxf3 Ng6 18.Nd4 Ne5 19.Nf5 Nxf3+ 20.Ke2 Be5 21.Bc1 Ng5 22.f4 Nge4
23.Bxe4 Nxe4 24.Qxe4 dxe4 25.Rxd8 Rcxd8 26.fxe5 Rfe8 27.Bb2 Rd3 28.Nd6 Re6
29.Rc1 h6 30.Rc3 Rd5 31.a4 Rg6 32.Nxe4 Rg2+ 33.Nf2 Rxf2+ 34.Kxf2 Rd2+ 35.Kf3 Rxb2
36.Rc8+ Kh7 37.Rc7 Kg6 38.Ke4 Rxh2 39.Rxb7 Rh4+ 40.Kd5 Rxa4 41.Ra7 h5 42.b6 h4
43.Ra8 Kf5 44.b7 Rb4 45.b8=Q Rxb8 46.Rxb8 a4 47.Rf8 Kg6 48.Ke4  1-0

[Event "III ITT JAHV McGREGOR"]
[Site "Bogota COL"]
[Date "2012.12.16"]
[Round "9.27"]
[White "Estrella Becerra,Fernando"]
[Black "Ruiz Aguilar,P"]
[Result "1/2-1/2"]
[WhiteElo "2049"]
[BlackElo "2339"]

1.c4 Nf6 2.Nf3 e6 3.Nc3 d5 4.d4 c6 5.e3 Nbd7 6.cxd5 exd5 7.Bd3 Bd6 8.O-O O-O
9.Qc2 Re8 10.e4 dxe4 11.Nxe4 Nxe4 12.Bxe4 Nf6 13.Bd3 Bg4 14.Ng5 h6 15.Ne4 Nxe4
16.Bxe4 Qh4 17.g3 Qf6 18.Be3 Bf3 19.Bxf3 Qxf3 20.Qd1 Qf5 21.Kg2 Rad8 22.Qf3 Qc2
23.Rfc1 Qg6 24.Re1 Re6 25.Bf4 Bxf4 26.Qxf4 Red6 27.Re7 Rxd4 28.Qc7 Rd2 29.Qxb7 Rxf2+
30.Kxf2 Rd2+ 31.Re2 Qf5+ 32.Ke1 Rxe2+ 33.Kxe2 Qe4+ 34.Kf2 Qd4+ 35.Kf3 Qd3+
36.Kf2 Qd4+ 37.Ke2 Qe4+ 38.Kd2 Qd4+  1/2-1/2

[Event "III ITT JAHV McGREGOR"]
[Site "Bogota COL"]
[Date "2012.12.16"]
[Round "9.5"]
[White "Dobrov,V"]
[Black "Becerra,J"]
[Result "1-0"]
[WhiteElo "2516"]
[BlackElo "2260"]

1.d4 d5 2.c4 c6 3.Nf3 Nf6 4.Nc3 e6 5.e3 Nbd7 6.Qc2 dxc4 7.Bxc4 Bd6 8.O-O O-O
9.e4 e5 10.Rd1 exd4 11.Nxd4 Qc7 12.g3 Ne5 13.Be2 Bc5 14.Bg5 Qe7 15.Na4 Bxd4
16.Rxd4 h6 17.Bf4 Bg4 18.Bxg4 Nfxg4 19.Rdd1 Rfe8 20.Kg2 Ng6 21.Bd6 Qxe4+
22.Qxe4 Rxe4 23.Nc5 Rc4 24.h3 Nf6 25.Nxb7 Rc2 26.Ba3 Ne4 27.Rf1 Rb8 28.Na5 Rb5
29.Nb3 Rg5 30.Kf3 f5 31.Nd4 Ne5+ 32.Ke3 Rc4 33.Rfd1 Nf6 34.Ke2 Rh5 35.b3 Rc3
36.Bb2 Nd5 37.Rac1 Rxc1 38.Rxc1 f4 39.h4 fxg3 40.fxg3 Nb4 41.Rf1 Ned3 42.Bc3 Ra5
43.a4 Rd5 44.Ne6 Na2 45.Rf8+ Kh7 46.Bxg7 Ndc1+ 47.Kf3  1-0

[Event "XXIV Carlos Torre Magistral 2012"]
[Site "Merida MEX"]
[Date "2012.12.16"]
[Round "4.1"]
[White "Gonzalez Garcia,J2"]
[Black "Vera Gonzalez Quevedo,R"]
[Result "1-0"]
[WhiteElo "2497"]
[BlackElo "2473"]

1.d4 d5 2.c4 e6 3.Nf3 Nf6 4.Nc3 c6 5.e3 Nbd7 6.Qc2 Bd6 7.Bd3 O-O 8.O-O dxc4
9.Bxc4 b5 10.Bd3 Bb7 11.a3 a5 12.e4 e5 13.dxe5 Nxe5 14.Nxe5 Bxe5 15.h3 Re8
16.Be3 Qb8 17.Rad1 Nh5 18.Ne2 Nf4 19.Nxf4 Bxf4 20.e5 Qxe5 21.Bxh7+ Kh8 22.Rd7 Bc8
23.Rxf7 Bxe3 24.fxe3 Qxe3+ 25.Kh1 Be6 26.R7f3 Qh6 27.Be4 Bc4 28.R1f2 Rad8
29.Rf4 Kg8 30.Bg6 Re1+ 31.Kh2 Re2 32.Qf5 Rxf2 33.Rxf2 Qh4 34.Rf4 Qf6 35.Qg4 Qd6
36.Qh4  1-0

[Event "Amplico ch-EUR Rapid"]
[Site "Warsaw POL"]
[Date "2012.12.16"]
[Round "8.5"]
[White "Sargissian,G"]
[Black "Kempinski,R"]
[Result "1-0"]
[WhiteElo "2666"]
[BlackElo "2599"]

1.d4 d5 2.c4 c6 3.Nc3 Nf6 4.e3 e6 5.Nf3 a6 6.b3 Bb4 7.Bd2 O-O 8.Bd3 Nbd7
9.O-O Bd6 10.Re1 h6 11.Rc1 Re8 12.e4 dxc4 13.e5 cxd3 14.exd6 Nd5 15.Ne4 e5
16.dxe5 Nxe5 17.Nxe5 Rxe5 18.Qf3 Bf5 19.Nc5 Qxd6 20.Nxb7 Rxe1+ 21.Rxe1 Qg6
22.Na5 Rc8 23.Nc4 Bg4 24.Qg3 Be2 25.Qxg6 fxg6 26.f3 c5 27.Rc1 Nb4 28.Nd6 Rc6
29.Ne4 Nc2 30.Ng3 Nd4 31.Kf2 h5 32.h4 Nf5 33.Ne4 Nxh4 34.Rxc5 Rxc5 35.Nxc5 a5
36.Bxa5 g5 37.Bd2 g4 38.fxg4 hxg4 39.a4 Nf5 40.g3 Kf7 41.a5 Ke7 42.a6 Bf3
43.Nxd3 Kd6 44.Bf4+ Kc6 45.Ne5+ Kb6 46.Nxf3 gxf3 47.Be5 Kxa6 48.Kxf3 Kb5
49.Bc3 g6 50.Kf4 Ne7 51.Kg5 Kc5 52.g4 Kb5 53.Bd2 Nc6 54.Kxg6 Nd4 55.Be3 Nf3
56.Kf5 Kb4 57.Bf2 Kxb3 58.Kf4 Nd2 59.g5  1-0

[Event "Amplico ch-EUR Rapid"]
[Site "Warsaw POL"]
[Date "2012.12.16"]
[Round "9.34"]
[White "Bukavshin,I"]
[Black "Musialkiewicz,P"]
[Result "1-0"]
[WhiteElo "2510"]
[BlackElo "2182"]

1.d4 d5 2.c4 c6 3.Nc3 Nf6 4.e3 e6 5.Nf3 Nbd7 6.Qc2 Bd6 7.Bd3 dxc4 8.Bxc4 b5
9.Bd3 Bb7 10.O-O O-O 11.a3 b4 12.axb4 Bxb4 13.e4 h6 14.e5 Nd5 15.Ne4 Qb6
16.Qe2 c5 17.Nd6 cxd4 18.Qe4 g6 19.Qg4 h5 20.Qg3 Nxe5 21.Nc4 Nxf3+ 22.gxf3 Qc7
23.Ne5 Bd6 24.f4 Ne7 25.Bd2 Bxe5 26.fxe5 f5 27.Rac1 Qd7 28.f3 Rac8 29.Ra1 Ra8
30.Rac1 Rac8 31.Ra1 Ra8 32.Bb4 Kg7 33.Kf2 Bd5 34.Rg1 Rfb8 35.Bxe7 Rxb2+ 36.Ke1 Qe8
37.Bf6+ Kh7 38.Rc1 Rb7 39.Ba6 f4 40.Qg5 Rab8 41.Bd3 Rb1 42.Qxh5+  1-0

[Event "Amplico ch-EUR Rapid"]
[Site "Warsaw POL"]
[Date "2012.12.16"]
[Round "9.40"]
[White "Riazantsev,A"]
[Black "Przybylski,W"]
[Result "1-0"]
[WhiteElo "2705"]
[BlackElo "2327"]

1.d4 d5 2.c4 c6 3.Nc3 Nf6 4.e3 e6 5.Nf3 Nbd7 6.Qc2 Bd6 7.Bd3 dxc4 8.Bxc4 b5
9.Be2 O-O 10.O-O Bb7 11.Rd1 Qe7 12.a3 h6 13.e4 e5 14.Nh4 Rfe8 15.Nf5 Qf8
16.Nxd6 Qxd6 17.dxe5 Qxe5 18.Be3 Nb6 19.f3 Qe6 20.Bf2 Nc4 21.b3 Ne5 22.Rd2 Ng6
23.Rad1 a5 24.a4 b4 25.Bc4 Qe7 26.Ne2 Ne5 27.Nd4 Nxc4 28.Qxc4 Ba6 29.Qxc6 Bb7
30.Qb6 Ra6 31.Nf5 Rxb6 32.Nxe7+ Rxe7 33.Bxb6  1-0

[Event "Amplico ch-EUR Rapid"]
[Site "Warsaw POL"]
[Date "2012.12.16"]
[Round "10.49"]
[White "Berthier,H"]
[Black "Fargere,Fr"]
[Result "0-1"]
[WhiteElo "2220"]
[BlackElo "2446"]

1.d4 d5 2.c4 c6 3.Nc3 Nf6 4.e3 e6 5.Nf3 a6 6.c5 b6 7.cxb6 Qxb6 8.Ne5 Bd6
9.f4 O-O 10.Be2 Nbd7 11.O-O c5 12.b3 cxd4 13.exd4 Nxe5 14.fxe5 Bxe5 15.Be3 Ne4
16.Na4 Qa7 17.Rf3 Bd6 18.Bd3 Bd7 19.Rh3 Bxa4 20.Qh5 h6 21.bxa4 f5 22.Bxe4 dxe4
23.Rc1 f4 24.Qg4 Rf6 25.Bf2 e3 26.Bh4 Rf5 27.d5 Rxd5 28.Qxe6+ Qf7 29.Qg4 Re8
30.Rf3 h5 31.Qh3 g5  0-1

[Event "19th Zadar Open B"]
[Site "Zadar CRO"]
[Date "2012.12.17"]
[Round "2.11"]
[White "Pesusic,B"]
[Black "Kljako,D"]
[Result "1/2-1/2"]
[WhiteElo "1995"]
[BlackElo "2208"]

1.d4 d5 2.Nf3 Nf6 3.c4 c6 4.e3 e6 5.Nc3 Nbd7 6.Bd3 Bd6 7.O-O O-O 8.b3 a6
9.Bb2 b5 10.c5 Bc7 11.b4  1/2-1/2

[Event "19th Zadar Open A"]
[Site "Zadar CRO"]
[Date "2012.12.17"]
[Round "2.7"]
[White "Jovanic,O"]
[Black "Ivanov,Bor BUL"]
[Result "1-0"]
[WhiteElo "2538"]
[BlackElo "2227"]

1.d4 d5 2.c4 c6 3.Nc3 Nf6 4.e3 e6 5.Nf3 Nbd7 6.Be2 dxc4 7.a4 b6 8.Bxc4 Bb7
9.e4 Be7 10.O-O O-O 11.e5 Nd5 12.Nxd5 cxd5 13.Bd3 Nb8 14.Bd2 Nc6 15.Qb1 h6
16.b4 Rb8 17.Qb3 a5 18.b5 Nb4 19.Be2 Qd7 20.Rfc1 Rbc8 21.h4 Rxc1+ 22.Rxc1 Rc8
23.Rc3 Rxc3 24.Qxc3 Qd8 25.g3 Na2 26.Qb3 Nb4 27.Qc3 Na2 28.Qb2 Nb4 29.Kg2 Qc7
30.Qc1 Qxc1 31.Bxc1 Kf8 32.Bd2 Nc2 33.Bd3 Na3 34.Bc1 Nc4 35.Kf1 Bb4 36.Ke2 Bc3
37.Bc2 h5 38.Kd3 Ba1 39.Bb3 Nb2+ 40.Kc2 Nc4 41.Be3 Na3+ 42.Kd3 Nc4 43.Bg5 Nb2+
44.Ke2 Nc4 45.Kd3 Nb2+ 46.Kc2 Nc4 47.Be3 Na3+ 48.Kd3 Nc4 49.Ne1 Nxe3 50.fxe3 Bb2
51.Bd1 g6 52.Nc2 Ke7 53.Bf3 f6 54.exf6+ Kxf6 55.Bg2 e5 56.Bh3 e4+ 57.Ke2 Ke7
58.Ne1 Ba3 59.Ng2 Bd6 60.Nf4 Kf6 61.Kf2 Bb8 62.Ne2 Ke7 63.Kg2 Kf6 64.Nf4 Bd6
65.Ne2 Ke7 66.Kf2 Kf6 67.g4 hxg4 68.Bxg4 Ke7 69.Nf4 Kf6 70.Bd7 Ke7 71.Bg4 Kf6
72.Bd7 Ke7 73.Bh3 Kf6 74.Ke2 g5 75.hxg5+ Kxg5 76.Ne6+ Kf6 77.Nf4 Bc7 78.Kf2 Bb8
79.Bd7 Ke7 80.Bg4 Bc7 81.Ne2 Bd8 82.Kg3 Kf7 83.Nf4 Bc7 84.Bf5 Kf6 85.Kg4 Bd6
86.Ne2 Ba3 87.Nf4 Bd6 88.Nh5+ Ke7 89.Kg5 Bh2 90.Nf6 Bd6 91.Ng8+ Kf7 92.Nh6+ Ke7
93.Kg6 Bb4 94.Ng8+ Kd8 95.Kg5 Be1 96.Be6 Bf2 97.Kf4 Kc7 98.Nf6 Kd6 99.Bf5 Bh4
100.Nd7 Bd8 101.Ne5 Bf6 102.Nf7+ Ke7 103.Nh6 Bh4 104.Bh3 Kf6 105.Ng4+ Ke6
106.Ne5+ Kd6 107.Bd7 Be7 108.Bg4 Bf8 109.Kf5 Bc8+ 110.Kg6 Bxg4 111.Nxg4 Ke6
112.Nf2 Bb4 113.Kg5 Be7+ 114.Kg4 Kf6 115.Nh3 Bd6 116.Nf4 Bxf4 117.Kxf4 Ke6
118.Kg5  1-0

[Event "SportAccord Blindfold Men 2012"]
[Site "Beijing CHN"]
[Date "2012.12.19"]
[Round "7.4"]
[White "Giri,A"]
[Black "Mamedyarov,S"]
[Result "0-1"]
[WhiteElo "2720"]
[BlackElo "2764"]

1.Nf3 d5 2.d4 Nf6 3.c4 c6 4.Nc3 e6 5.e3 Nbd7 6.Qc2 b6 7.Bd3 Bb7 8.O-O Be7
9.b3 dxc4 10.bxc4 c5 11.d5 exd5 12.cxd5 Nxd5 13.Nxd5 Bxd5 14.Rd1 Bf6 15.Rb1 Be6
16.Ba3 Rc8 17.Rbc1 O-O 18.Bxh7+ Kh8 19.Be4 Qe7 20.Qa4 Ne5 21.Nd4 Bd7 22.Qxa7 Ng4
23.Bf3 Nxe3 24.fxe3 Qxe3+ 25.Kh1 Bxd4 26.Bxc5 bxc5 27.Qxd7 g6 28.Re1 Qh6
29.Qh3 Qxh3 30.gxh3 Rc7 31.Bd5 Kg7 32.Rc2 Rh8 33.Kg2 Rh5 34.Bb3 Rg5+ 35.Kf3 Rc6
36.Re4 Rg1 37.Rf4 Bf6 38.Kf2 Rg5 39.Kf1 Rd6 40.Rcf2 Re5 41.h4 Re3 42.Kg2 Red3
43.h5 gxh5 44.Rf5 Rc3 45.Rxh5 c4 46.Bc2 Bd4 47.Rd2 Ra3 48.Be4 c3 49.Rc2 Bf6
50.Rf5 Ra4 51.Bf3 Rb4 52.Rd5 Rdb6 53.Bd1 Rb1 54.Rf2 R6b2 55.Rd7 Rxf2+ 56.Kxf2 Rb2+
57.Kf3 c2 58.Rc7 cxd1=Q+  0-1

[Event "ITT Cerrado LAB IM 2012"]
[Site "Bogota COL"]
[Date "2012.12.20"]
[Round "7.2"]
[White "Salazar,Ca"]
[Black "Gutierrez,JA"]
[Result "1/2-1/2"]
[WhiteElo "2169"]
[BlackElo "2217"]

1.d4 Nf6 2.Nf3 d5 3.c4 e6 4.Nc3 c6 5.e3 Bb4 6.a3 Bxc3+ 7.bxc3 Ne4 8.Qc2 Nd7
9.Bd3 Ndf6 10.O-O O-O 11.Ne5 Qc7 12.a4 b6 13.Ba3 Rd8 14.Rfc1 Bb7 15.f3 Nd6  1/2-1/2

[Event "19th Zadar Open A"]
[Site "Zadar CRO"]
[Date "2012.12.21"]
[Round "8.8"]
[White "Saric,A"]
[Black "Jakovljevic,Vlado"]
[Result "1/2-1/2"]
[WhiteElo "2533"]
[BlackElo "2404"]

1.d4 d5 2.c4 c6 3.Nc3 Nf6 4.e3 e6 5.Nf3 a6 6.Bd3 c5 7.b3 Nc6 8.cxd5 exd5
9.O-O cxd4 10.Nxd4 Nxd4 11.exd4 Bb4 12.Na4 O-O 13.Bf4 Bg4 14.f3 Bd7 15.Rc1 Bxa4
16.bxa4 Bd6 17.Bg5 h6 18.Bh4 g5 19.Bf2 Qd7 20.g3 b5 21.Bc2 Rfc8 22.axb5 axb5
23.Bb3 Rxc1 24.Qxc1 Rc8 25.Qe3 b4 26.Rc1 Rxc1+ 27.Qxc1 Kg7 28.Be3 Qe6 29.Kg2 Ng8
30.Bf2 Ne7 31.Qc2 f5 32.Qd3 h5 33.Bc2 g4 34.Be3 gxf3+ 35.Kf2 h4 36.gxh4 f4
37.Bd2 Qh6 38.Qxf3 Qxh4+ 39.Kg1 Kf8 40.Kh1 Ke8 41.Bd3 Kd8 42.h3 Qf6 43.Be3 Bc7
44.Bg1 Bb6 45.Qf2 Nc6 46.Qf3 Qg5 47.Qg4 Qxg4 48.hxg4 Bxd4 49.Bb5 Na7 50.Bxd4 Nxb5
51.Bc5 Nc3 52.Bxb4 Nxa2 53.Bd2 d4  1/2-1/2

[Event "World Cities Team GpD"]
[Site "Al-Ain UAE"]
[Date "2012.12.22"]
[Round "1.6"]
[White "Parligras,M"]
[Black "Jumabayev,R"]
[Result "1-0"]
[WhiteElo "2628"]
[BlackElo "2567"]

1.d4 Nf6 2.c4 e6 3.Nf3 d5 4.Nc3 c6 5.e3 Nbd7 6.Bd3 dxc4 7.Bxc4 b5 8.Bd3 Bb7
9.O-O a6 10.e4 c5 11.d5 c4 12.Bc2 Qc7 13.dxe6 fxe6 14.Ne2 e5 15.Ng3 Nc5 16.Bd2 Rd8
17.Qe1 Nd3 18.Bxd3 Rxd3 19.Ba5 Qc5 20.a3 g6 21.Rd1 Rxd1 22.Qxd1 Be7 23.Bc3 Nd7
24.Qd2 Qd6 25.Qc1 Bc6 26.Rd1 Qe6 27.Qh6 Bf8 28.Qd2 Be7 29.h4 h5 30.Bb4 Rf8
31.Ng5 Bxg5 32.hxg5 h4 33.Bxf8 hxg3 34.Bb4 gxf2+ 35.Qxf2 Qg4 36.Qf3 Qxg5
37.Bd6 Kd8 38.Re1 Qd2 39.Bb4 Qxb2 40.Rd1 Kc8 41.Qf7 a5 42.Qe8+ Kc7 43.Bxa5+ Kb7
44.Rxd7+ Bxd7 45.Qxd7+ Ka6 46.Be1 Qb1 47.Qc6+ Ka7 48.Qc5+ Kb7 49.Qe3 c3 50.Qxc3 Qxe4
51.Qf3 Qxf3 52.gxf3 Kc6 53.Kf2 Kd5 54.Ke3  1-0

[Event "World Cities Team GpD"]
[Site "Al-Ain UAE"]
[Date "2012.12.23"]
[Round "2.4"]
[White "Manolache,M"]
[Black "Ali Marandi,C"]
[Result "1/2-1/2"]
[WhiteElo "2541"]
[BlackElo "2354"]

1.d4 d5 2.Nf3 Nf6 3.c4 c6 4.e3 e6 5.Nc3 Nbd7 6.Qc2 Bd6 7.Be2 O-O 8.O-O Re8
9.Rd1 Qe7 10.h3 h6 11.b3 dxc4 12.bxc4 e5 13.Bb2 e4 14.Nd2 Nf8 15.c5 Bc7 16.Nc4 Nd5
17.Ne5 f6 18.Nc4 f5 19.Ne5 Be6 20.Rab1 Nd7 21.Nxd5 Bxd5 22.Bc4 Bxe5 23.dxe5 Qxc5
24.Bxd5+ cxd5 25.Qb3 Nb6 26.Bd4 Qc4 27.Qa3 Qc6 28.Qb3 Qc4 29.Qb2 Qc6 30.Rdc1 Qe6
31.Qb5 Re7 32.Bc5 Rf7 33.Bxb6 axb6 34.Rd1 Rxa2 35.Qxd5 Qxd5 36.Rxd5 Ra5 37.Rd8+ Kh7
38.e6 Re7 39.Rxb6 Re5 40.Rf8 Kg6 41.Rb8 R5xe6 42.R8xb7 Rxb7 43.Rxe6+ Kf7
44.Ra6 h5 45.g4 hxg4 46.hxg4 fxg4 47.Kg2 Rb5 48.Ra4 Re5 49.Kg3 Kf6 50.Kxg4 Rg5+
51.Kh3 Kf5 52.Ra5+ Kf6 53.Ra8 Kf5 54.Rf8+ Ke5 55.Rh8 Kf5 56.Re8 Rg6 57.Rf8+ Ke5
58.Rf4 Rg5 59.Rf8 Rg6 60.Kh4 Rg2 61.Re8+ Kf5 62.Ra8 Ke6 63.Ra2 Kf5 64.Kh3 Rg5
65.Ra8 Ke5 66.Rh8 Kf5 67.Re8 Rg6 68.Rf8+ Ke5 69.Rf7 Rg1 70.Rf8  1/2-1/2

[Event "Russian Rapid GP Final 2012"]
[Site "Kirov RUS"]
[Date "2012.12.23"]
[Round "1.2"]
[White "Sjugirov,S"]
[Black "Sukhareva,E"]
[Result "1-0"]
[WhiteElo "2643"]
[BlackElo "2250"]

1.d4 d5 2.c4 e6 3.Nf3 c6 4.Nc3 Nf6 5.e3 a6 6.b3 Bb4 7.Bd2 Bd6 8.Bd3 c5 9.O-O cxd4
10.exd4 O-O 11.c5 Bc7 12.Re1 b6 13.b4 bxc5 14.bxc5 Nc6 15.Rb1 Re8 16.Bg5 e5
17.dxe5 Nxe5 18.Bxf6 gxf6 19.Nxe5 Rxe5 20.Rxe5 Bxe5 21.Nxd5 Be6 22.Be4 f5
23.Ne7+ Kf8 24.Bxa8 Qxa8 25.Qe1 Bc7 26.Nxf5 Bxf5 27.Rd1 Be6 28.Qd2 Qc6 29.Qh6+ Ke8
30.Qg5 Qa4 31.Re1 Qxa2 32.Qg8+ Ke7 33.Qxh7 Qc4 34.Qh5 a5 35.Qg5+ Ke8 36.h4 Qc3
37.Rd1 Qc2 38.Ra1 Qb2 39.Rd1 Qc2 40.Rc1 Qe4 41.h5 a4 42.h6 Bf4 43.Qg8+ Ke7
44.Rd1 Bd5 45.h7 Be5 46.Qg5+ Ke6 47.Qh6+ Ke7 48.Qg5+ Ke6 49.Qh6+ Kd7 50.f3 Bd4+
51.Kh1 Qe5 52.Rxd4 Qxd4 53.h8=Q  1-0

[Event "Russian Rapid GP Final 2012"]
[Site "Kirov RUS"]
[Date "2012.12.23"]
[Round "3.2"]
[White "Sjugirov,S"]
[Black "Artemiev,V"]
[Result "0-1"]
[WhiteElo "2643"]
[BlackElo "2474"]

1.d4 d5 2.c4 c6 3.Nc3 Nf6 4.e3 e6 5.Nf3 Nbd7 6.Bd3 dxc4 7.Bxc4 b5 8.Bd3 a6
9.e4 c5 10.d5 Qc7 11.O-O c4 12.Bc2 e5 13.Ne2 Bd6 14.Ng3 g6 15.Bh6 Ng4 16.Bd2 O-O
17.h3 Ngf6 18.Bh6 Re8 19.Qd2 Kh8 20.Nh2 Bb7 21.Rac1 Rac8 22.Bb1 b4 23.Bd3 Nb6
24.Be3 Nfd7 25.Be2 a5 26.Ng4 f6 27.Nh6 Rf8 28.Bg4 Rce8 29.Be2 Ba6 30.h4 Nc5
31.h5 Qd7 32.hxg6 hxg6 33.Qd1 Nba4 34.Rb1 c3 35.Bxa6 Nxa6 36.b3 N4c5 37.Kh2 Re7
38.Rh1 Rh7 39.Kg1 f5 40.exf5 gxf5 41.Bg5 f4 42.Nf1 Ne4 43.Qh5 Qg7 44.Bd8 Bc5
45.Rh2 Bxf2+ 46.Kh1 Bg3 47.Nf5 Nf2+ 48.Kg1 Bxh2+ 49.Qxh2 Rxf5  0-1

[Event "World Cities Team GpC"]
[Site "Al-Ain UAE"]
[Date "2012.12.24"]
[Round "3.8"]
[White "Stathopoulos,I"]
[Black "Zelesco,Karl"]
[Result "0-1"]
[WhiteElo "2228"]
[BlackElo "2154"]

1.d4 d5 2.c4 c6 3.Nf3 Nf6 4.Nc3 e6 5.e3 Nbd7 6.Qc2 Bd6 7.Bd3 O-O 8.O-O dxc4
9.Bxc4 a6 10.Rd1 b5 11.Be2 Qc7 12.Ne4 Nxe4 13.Qxe4 e5 14.Qd3 exd4 15.Qxd4 Be7
16.Qf4 Qxf4 17.exf4 Bf6 18.Nd4 c5 19.Bf3 Ra7 20.Nc6 Rc7 21.Bd2 b4 22.Rac1 a5
23.Nxa5 Ra7 24.Nc4 Ba6 25.Be3 Bxc4 26.Rxc4 Bxb2 27.Rxb4 Rxa2 28.Rb7 Nf6 29.Bxc5 Rc8
30.Rb1 g6 31.Be3 Bc3 32.g4 Ra5 33.Rc1 Ra1 34.Rxa1 Bxa1 35.Rb1 Bc3 36.Rc1 Rc7
37.Bb6 Rc4 38.Ba5 Rxf4 39.Rxc3 Nxg4 40.Rc8+ Kg7 41.Bc3+ f6 42.Rc7+ Kf8 43.Kg2 Nxh2
44.Bd1 h5 45.Kxh2 Rxf2+ 46.Kg3 Rf5 47.Bc2 Rf1 48.Bb4+ Kg8 49.Bb3+ Kh8 50.Rf7 Rb1
51.Rf8+ Kg7 52.Rf7+ Kh8 53.Bd6 Rxb3+ 54.Kf4 Rb6 55.Rd7 Kg8 56.Ke4 Rb5 57.Rc7 Rf5
58.Kd4 h4 59.Ke4 Rf1 60.Rc3 g5 61.Rf3 Re1+ 62.Kf5 Kf7 63.Rc3 Rf1+ 64.Kg4 Kg6
65.Bh2 Rf2 66.Kh3 Kh5 67.Rc5 f5  0-1